ბათუმის შოთა რუსთაველის სახელმწიფო უნივერსიტეტის ბიბლიოთეკა

Оборудование химических заводов. (ბიბ.ჩანაწერი № 40673)

000 -LEADER
fixed length control field 00663nam a2200229Ia 4500
001 - CONTROL NUMBER
control field 7301
003 - CONTROL NUMBER IDENTIFIER
control field GE_BSU
008 - FIXED-LENGTH DATA ELEMENTS--GENERAL INFORMATION
fixed length control field 181216s||||||||xx |||||||||||||| ||und||
040 ## - CATALOGING SOURCE
Transcribing agency GE_BSU
080 ## - UNIVERSAL DECIMAL CLASSIFICATION NUMBER
Universal Decimal Classification number 66(075.32)
100 ## - MAIN ENTRY--PERSONAL NAME
Personal name Генкин,А.Э.
245 ## - TITLE STATEMENT
Title Оборудование химических заводов.
245 ## - TITLE STATEMENT
Remainder of title Учебник.
245 ## - TITLE STATEMENT
Statement of responsibility, etc. Ред,В.И.Петухова.
250 ## - EDITION STATEMENT
Edition statement Изд 3-ое,перераб.и доп.
260 ## - PUBLICATION, DISTRIBUTION, ETC.
Place of publication, distribution, etc. М.
260 ## - PUBLICATION, DISTRIBUTION, ETC.
Name of publisher, distributor, etc. Высш.школа.
260 ## - PUBLICATION, DISTRIBUTION, ETC.
Date of publication, distribution, etc. 1978.
300 ## - PHYSICAL DESCRIPTION
Extent 272стр.22см.с илл.
653 ## - INDEX TERM--UNCONTROLLED
Uncontrolled term Оборудование химических заводов.
942 ## - ADDED ENTRY ELEMENTS (KOHA)
Koha item type წიგნი

არაა ხელმისაწვდომი ეგზემპლარები.